Statistics for Capital City Extremes - Americas

Click here to take the quiz!

General Stats

  • This quiz has been taken 62 times
  • The average score is 17 of 20

Answer Stats

Answer% Correct
Ottawa
100%
Buenos Aires
98%
Buenos Aires
98%
Santiago
98%
Washington, DC
98%
Mexico City
92%
Mexico City
92%
Havana
91%
Sucre
91%
Brasilia
87%
Montevideo
83%
Montevideo
83%
Asuncion
81%
Asuncion
81%
Guatemala City
75%
Nassau
75%
San Salvador
75%
Paramaribo
64%
Tegucigalpa
62%
Belmopan
58%

Score Distribution

Percentile by Number Answered

Percent of People with Each Score

Your Score History

You have not taken this quiz